000 00854nas a2200313 4500
001 BR2012003783
003 BR-BrBNA
005 20231205120624.0
007 ta
008 230509b bl.|||p| |||| 00| 00por d
040 _aBR-BrBNA
_bpor
_cBiblioteca Nacional de Agricultura
041 _a(Pt)
072 _aL73
100 1 _aUchôa, I.C.P.
100 1 _aSantos, J.R.S.
100 1 _aSouza, A.P. de
100 1 _aDantas, A.F.M.
100 1 _aBorges, O.M.M.
100 1 _aMedeiros, L.C. de
245 1 _aFeo-hifomicose sistêmica em cão
650 _aCÃO
650 _aMICOSE
650 _aFUNGO
650 _aBIOQUÍMICA ANIMAL
650 _aHISTOPATOLOGIA
773 0 _tCiência Rural (Brazil)
_xISSN 0103-8478
_g(Apr 2012), v. 42(4) p. 670-674
_wBR2012003783
909 _a202311
_bLúcia
_c55
_dLúcia Elande
942 _2AGRIS
_n0
_cANA
999 _c219427
_d219427